000 00800nam a2200217 a 4500
001 000025171
005 20200930023614.0
008 110210s1980 sp r 000 0 spa d
040 _aDO-SdBNP
_bspa
_cBNPHU
082 _aNNN
_bB151a
100 1 _aBahro, Rudolfo
_d1935-
_951637
240 1 0 _aTítulo original:
_lEspañol.
245 1 0 _aLa alternativa :
_bcontribución a la crítica del socialismo realmente existente /
_cRudolf Bahro ; traductor Gustau Muñoz.
260 _aMadrid :
_bAlianza Editorial,
_c1980.
300 _a474, [6] p. :
_bil. ;
_c18 cm.
490 1 _aEl libro de bolsillo. Humanidades
_v779
534 _aTítulo original.
_tDie Alternative.
590 _aInventariado 2019/VM
700 1 _aMuñoz, Gustavo
_etr.
_951638
830 0 _aEl libro de bolsillo;
_pHumanidades
_v779
_98845
999 _c24664
_d24664